|
|
|
|
| LEADER |
00922nam a22002772a 4500 |
| 001 |
000843227 |
| 003 |
CZ BrMZK |
| 005 |
20150327083825.0 |
| 007 |
ta |
| 008 |
070228s1993 pl er|||||||||||pol d |
| 040 |
|
|
|a BOA001
|b cze
|
| 080 |
9 |
|
|a 331.103(075.8)(438)
|
| 080 |
9 |
|
|a 316.334.2(075.8)(438)
|
| 100 |
1 |
|
|a Januszek, Henryk
|7 mzk2015865120
|4 aut
|
| 245 |
1 |
0 |
|a Wybrane problemy socjologii organizacji i kierowania w zakładzie pracy /
|c Henryk Januszek, Jan Sikora
|
| 250 |
|
|
|a 2. zmien. wyd.
|
| 260 |
|
|
|a Poznań :
|b Wydawnictwo Akademii ekon.,
|c 1993
|
| 300 |
|
|
|a 115 s.
|
| 490 |
1 |
|
|a Skrypty uczelniane ;
|v nr. 442
|
| 504 |
|
|
|a Obsahuje bibliografii
|
| 700 |
1 |
|
|a Sikora, Jan,
|d 1942-2024
|7 xx0072516
|4 aut
|
| 830 |
|
0 |
|a Skrypty uczelniane
|
| 910 |
|
|
|a BOA001
|b PK-0121.304
|
| 990 |
|
|
|a BK
|
| 991 |
|
|
|b 200702
|
| 996 |
6 |
|
|b BC-432010
|c PK-0121.304
|y 1938
|l MZK
|r Sklad / do 1 hodiny
|n 0
|w 000843227
|u 000010
|a 1
|e BOA001
|j MZK50
|s P
|